000 00415nam a2200193Ia 4500
005 20240823035611.0
008 240823s9999||||xx |||||||||||||| ||und||
020 _a81-7167-656-1
041 _aENGLISH
082 _A823.8 P2
100 _aAnand .
245 0 _aTwilight Encounters
250 _a1st
260 _c2002
_bRupa
500 _aYES
650 _aNovel
_bEnglish
942 _cBK
999 _c201075
_d201075